000 00459nam a2200181Ia 4500
001 8060
005 20260306160541.0
008 260306t2012||||xx |||||||||||||| ||spa||
041 _aESP
082 _a370.1
_bG23
100 _aGarcía Amilburu, María
_eAUT
245 0 _aFilosofía de la educación:
_bcuestiones de hoy y de siempre
260 _c2012
300 _a211 páginas :
_c24 cm.
650 _aGEN
654 _aCED
942 _cLIB
_dJUS
_fJUS
_2ddc
_n
999 _c8060
_d8060